Les plaies septiques; bactériologie, sérothérapie, chimiothérapie. (Record no. 3481)

MARC details
000 -LEADER
fixed length control field 00803cam a22002531 4500
001 - CONTROL NUMBER
control field af 47006285
003 - CONTROL NUMBER IDENTIFIER
control field DLC
005 - DATE AND TIME OF LATEST TRANSACTION
control field 20260227110836.0
008 - FIXED-LENGTH DATA ELEMENTS--GENERAL INFORMATION
fixed length control field 810920s1945 xx 000 0 fre
010 ## - LIBRARY OF CONGRESS CONTROL NUMBER
LC control number af 47006285
035 ## - SYSTEM CONTROL NUMBER
System control number (OCoLC)14751733
040 ## - CATALOGING SOURCE
Original cataloging agency DLC
Transcribing agency DNLM
Modifying agency DLC
042 ## - AUTHENTICATION CODE
Authentication code premarc
050 00 - LIBRARY OF CONGRESS CALL NUMBER
Classification number RD131
Item number .G484
060 00 - NATIONAL LIBRARY OF MEDICINE CALL NUMBER
Classification number WO 700
Item number G493p 1945
060 00 - NATIONAL LIBRARY OF MEDICINE CALL NUMBER
Classification number Film 4106 no. 4
100 1# - MAIN ENTRY--PERSONAL NAME
Personal name Ginsbourg, Benjamin,
Dates associated with a name 1897-
245 14 - TITLE STATEMENT
Title Les plaies septiques; bactériologie, sérothérapie, chimiothérapie.
Statement of responsibility, etc. Préface du médecin-colonel Raymond ...
260 ## - PUBLICATION, DISTRIBUTION, ETC.
Place of publication, distribution, etc. Paris,
Name of publisher, distributor, etc. Le François
Date of publication, distribution, etc. [1945]
300 ## - PHYSICAL DESCRIPTION
Extent 139, [1] p.
Other physical details ill.
500 ## - GENERAL NOTE
General note At head of title: B. Ginsbourg.
504 ## - BIBLIOGRAPHY, ETC. NOTE
Bibliography, etc. note "Index bibliographique sommaire": p. [137]-139.
500 ## - GENERAL NOTE
General note Microfilmed for preservation
Institution to which field applies DNLM

No items available.

Powered by Koha